|
|
|
|
| LEADER |
00000nab a2200000 a 4500 |
| 001 |
vtls000901775 |
| 003 |
SK-MaSNL |
| 005 |
20260303223849.0 |
| 008 |
040720e19991007xo 0 slo |
| 035 |
|
|
|a KE10755
|
| 040 |
|
|
|a KEVKJB
|b slo
|c KEVKJB
|e AACR2
|
| 041 |
0 |
|
|a slo
|
| 044 |
|
|
|a xo
|c SK
|
| 080 |
|
|
|a 681.31
|2 1981
|
| 080 |
|
|
|a 061.43
|2 1981
|
| 245 |
0 |
0 |
|a COFAX Košice 1999
|
| 300 |
|
|
|b 1 foto
|
| 610 |
2 |
7 |
|a Dom techniky ZSVTS (Košice, Slovensko)
|2 KEVKJB
|9 73273
|
| 611 |
2 |
7 |
|a COFAX
|d (1999 :
|c Košice, Slovensko)
|2 snkbucl
|9 135422
|
| 648 |
|
7 |
|a 1999
|2 snkbucl
|9 266597
|
| 650 |
0 |
7 |
|a výpočtová technika
|2 snkbucl
|9 1126
|
| 650 |
0 |
7 |
|a kancelárska technika
|2 KEVKJB
|9 646
|
| 650 |
0 |
7 |
|a telekomunikačná technika
|2 snkbucl
|9 78896
|
| 650 |
0 |
7 |
|a výstavy
|2 snkbucl
|9 2780
|
| 651 |
|
7 |
|a Košice (Slovensko)
|2 KEVKJB
|9 18694
|
| 773 |
0 |
8 |
|t Korzár
|g Roč. 2, č.231, 7.10.1999, s. 1
|
| 773 |
0 |
8 |
|i Príl.:
|t Supermarket. - Č. 13
|
| 852 |
|
|
|a ZVYKNI
|b KIS3GCP
|
| 999 |
|
|
|c 2249592
|d 2251522
|